The Americas Geography By Letter C - Picture Quiz - Statistics

General Stats
  • This quiz has been taken 945 times
  • The average score is 12 of 18
Answer Stats
Picture Hint Answer % Correct
(state) California
94%
(country) Cuba
94%
{Caribbean} Sea
93%
{Central} America
92%
{Colorado} River
92%
(city) Chicago
90%
{CN} Tower
85%
(country) Canada
81%
{Cayman} Islands
66%
(neighborhood) Chinatown
63%
{Chesapeake} Bay
60%
(state) Chihuahua
55%
(city) Cancun
47%
(city) Caracas
47%
{Cascade} Range
40%
Curaçao
34%
(city) Calgary
30%
Lake {Champlain}
18%
No matching quizzes found
Score Distribution
Percent of People with Each Score
Percentile by Number Answered
Your Score History
You have not taken this quiz